| 000 | 00812cam a22002414a 4500 | ||
|---|---|---|---|
| 001 | 13403241 | ||
| 005 | 20180301081227.0 | ||
| 008 | 031114s2004 cau b 001 0 eng | ||
| 010 | _a 2003025173 | ||
| 020 | _a0761988246 (pbk.) | ||
| 040 |
_aDLC _cDLC _dDLC |
||
| 041 | _aeng | ||
| 042 | _apcc | ||
| 080 | _a301 RUA | ||
| 082 | 0 | 0 |
_a301 RUA _222 |
| 100 | 1 | _a50 | |
| 101 | _aSOC | ||
| 245 | 1 | 0 |
_aSecond thoughts : _cJanet M. Ruane and Karen A. Cerulo. |
| 504 | _aIncludes bibliographical references (p. 239-287) and index. | ||
| 906 |
_a7 _bcbc _corignew _d1 _eecip _f20 _gy-gencatlg |
||
| 942 |
_2ddc _cBK |
||
| 999 |
_c43846 _d43846 |
||